000 00595nam a2200205Ia 4500
005 20250923145341.0
008 008 250917s9999 xx 000 0 eng d
037 _aTextual
040 _aDSWL
_beng
_cDSWL
041 _aeng
_2eng
084 _aY:81.2'N7 <- N5, N76
_qDSWL
100 _aSinha, Bakshid
_9834355
245 0 _aHousing growth in India
_c by Bakshid Sinha
260 _aNew Delhi
_b Arnold-Heinemann
_c1976
300 _axx,159p.
365 _aINR
_b27 . 0
925 _g27 . 0
942 _cTEXL
_hY:81.2'N7 <- N5, N76
999 _c1450305
_d1450305